[Event "Niedersachsen-ch U18 Girls"]
[Site "Rotenburg"]
[Date "2013.03.28"]
[Round "8"]
[White "Hinzke, Anna Lena"]
[Black "Boschen, Katharina"]
[Result "1-0"]
[WhiteElo "1550"]
[BlackElo "900"]
[PlyCount "75"]
[EventDate "2013.03.23"]
[EventType "swiss"]
[EventRounds "9"]
[EventCountry "GER"]
[SourceTitle "EXT 2015"]
[Source "ChessBase"]
[SourceDate "2014.11.20"]
[SourceVersion "1"]
[SourceVersionDate "2014.11.20"]
[SourceQuality "1"]

1. d4 d5 2. c4 dxc4 3. e4 e6 4. Bxc4 c5 5. d5 Nf6 6. Nc3 a6 7. a4 Be7 8. Bf4 0-0 9. d6 Nc6 10. dxe7 Qxe7 11. Bd6 Qd8 12. Bxf8 Qxf8 13. Nge2 e5 14. 0-0 Bg4 15. f3 Be6 16. Bxe6 fxe6 17. Qb3 Qf7 18. Rfd1 Nd4 19. Qc4 Nxe2+ 20. Nxe2 b6 21. Rd6 Nd7 22. Rad1 Rd8 23. Rxb6 a5 24. Qxe6 Qxe6 25. Rxe6 Kf7 26. Red6 Ke7 27. Nc3 c4 28. R6d5 Ke6 29. Rxa5 h5 30. Rc5 Nxc5 31. Rxd8 g5 32. Rh8 h4 33. Rg8 Kf6 34. Nd5+ Kf7 35. Rxg5 Nd3 36. a5 Nxb2 37. a6 c3 38. Nxc3 1-0

[Event "Niedersachsen-ch U14"]
[Site "Rotenburg"]
[Date "2012.03.31"]
[Round "1"]
[White "Manusina, Nicole"]
[Black "Hinzke, Anna Lena"]
[Result "1-0"]
[WhiteElo "1760"]
[BlackElo "1447"]
[PlyCount "77"]
[EventDate "2012.03.31"]
[EventType "swiss"]
[EventRounds "9"]
[EventCountry "GER"]
[SourceTitle "EXT 2015"]
[Source "ChessBase"]
[SourceDate "2014.11.20"]
[SourceVersion "1"]
[SourceVersionDate "2014.11.20"]
[SourceQuality "1"]

1. d4 e6 2. c4 d5 3. Nc3 Nf6 4. cxd5 exd5 5. Bg5 Be7 6. e3 0-0 7. Bd3 Nbd7 8. Nf3 b6 9. 0-0 Bb7 10. Rc1 Rc8 11. Qe2 c5 12. Ba6 Qc7 13. Bf4 Qc6 14. Bb5 Qe6 15. Ng5 Qf5 16. f3 cxd4 17. Bd3 Ba6 18. Bxf5 Bxe2 19. Nxe2 dxe3 20. Bxe3 g6 21. Bxd7 Nxd7 22. Nh3 Bf6 23. Bd4 Bxd4+ 24. Nxd4 Rfe8 25. Nc6 Nc5 26. Nb4 d4 27. Nf4 Rcd8 28. Rcd1 Rd6 29. Rd2 Red8 30. Rfd1 Ne6 31. Ne2 f5 32. Nd3 Kf7 33. Ndf4 Nxf4 34. Nxf4 Kf6 35. Ne2 Ke5 36. Re1 Kf6 37. f4 d3 38. Nc1 Rd4 39. g3 1-0